000 00649nam a2200217Ia 4500
003 OSt
005 20220918105423.0
006 a|||||r|||| 00| 0
007 ta
008 220915b |||||||| |||| 00| 0 hin d
024 _a93,158
037 _cReference Collections
040 _aARTS
_cARTS
_bhin
041 _2hin
_ahin
082 _aP152:4k, 32M7(RR)
245 0 _aहिन्दी मलयालम
_b व्यावहारिक लघु कोश
246 _aHindī malayālama: vyāvahārik laghu kosha
260 _c1987
942 _hP152:4k, 32M7(RR)
_cREF
999 _c107012
_d107012